000
00283nam a22001097a 4500
999
_c
261045
_d
261044
020
_a
9781481446747
100
_a
Kevin Sands
245
_a
Mark Of Plague
260
_a
United States Of America
_b
Simion and Schuster childrens publishing Division
_c
2016
300
_a
529
942
_c
BK